000 00378nam a2200145Ia 4500
005 20251222152553.0
008 251222s9999||||xx |||||||||||||| ||spa||
020 _a9789972234606
082 _a657.07/G23
100 _aGarcía Quispe, José Luis
245 0 _aActivos y Pasivos Tributarios Diferidos:
250 _a1ra.ed.
264 _bPacifico Editores S.A.
942 _cLIB
999 _c26331
_d26331